000 00297nam a22001337a 4500
999 _c55012
_d55012
008 200204b ||||| |||| 00| 0 eng d
041 _aeng
080 _2043.3
_a043.3
082 _a043.3
100 _a0
101 _aMTH
245 _aNdërtesë religjioze-Xhami
_cRexhepi,A
942 _2udc
_cBK